000 00550nam a2200205Ia 4500
005 20250326141425.0
008 250326s9999 xx 000 0 und d
020 _a0-631-17451-6
037 _aTextbook
040 _aFMSL
_beng
_cFMSL
041 _aeng
_2eng
084 _aSNIobX:8 N2
_qFMSL
100 _aCyert R M
_9343107
245 0 _aBehavioral theory of the firm
_cCyert R M; March J G
250 _a2
260 _aUSA
_bUSA, Blackwell
_c1992
300 _a264p
942 _cTB
_hSNIobX:8 N2
999 _c1290241
_d1290241